|
|
|
|
| LEADER |
02245nam a2200613 i 4500 |
| 001 |
nkc20223445846 |
| 003 |
CZ PrNK |
| 005 |
20230217135415.0 |
| 007 |
ta |
| 008 |
220905s2022 xr ac e 000 0acze |
| 015 |
|
|
|a cnb003445846
|
| 020 |
|
|
|a 978-80-242-8487-3
|q (vázáno)
|
| 035 |
|
|
|a (OCoLC)1369539678
|
| 040 |
|
|
|a BOA001
|b cze
|e rda
|
| 043 |
|
|
|a e-xr---
|
| 045 |
|
|
|a x-y-
|
| 072 |
|
7 |
|a 797
|x Vodní sporty. Letecké sporty
|2 Konspekt
|9 20
|
| 072 |
|
7 |
|a 929
|x Biografie
|2 Konspekt
|9 8
|
| 080 |
|
|
|a 797.55.071.2
|2 MRF
|
| 080 |
|
|
|a 358.4-051
|2 MRF
|
| 080 |
|
|
|a 797.555.2
|2 MRF
|
| 080 |
|
|
|a 358.4
|2 MRF
|
| 080 |
|
|
|a 929
|2 MRF
|
| 080 |
|
|
|a (437.3)
|2 MRF
|
| 080 |
|
|
|a (092)
|2 MRF
|
| 100 |
1 |
|
|a Šonka, Martin,
|d 1978-
|7 hka2014821838
|4 aut
|
| 245 |
1 |
0 |
|a Můj let do nebes /
|c Martin Šonka, Robert Sára
|
| 246 |
3 |
|
|a Martin Šonka - Můj let do nebes
|
| 250 |
|
|
|a Vydání první
|
| 264 |
|
1 |
|a Praha :
|b Euromedia Group,
|c 2022
|
| 300 |
|
|
|a 283 stran :
|b barevné ilustrace, portréty ;
|c 24 cm
|
| 336 |
|
|
|a text
|b txt
|2 rdacontent
|
| 337 |
|
|
|a bez média
|b n
|2 rdamedia
|
| 338 |
|
|
|a svazek
|b nc
|2 rdacarrier
|
| 490 |
1 |
|
|a Universum
|
| 600 |
1 |
7 |
|a Šonka, Martin,
|d 1978-
|7 hka2014821838
|2 czenas
|
| 648 |
|
7 |
|a 20.-21. století
|7 ch462155
|2 czenas
|
| 650 |
0 |
7 |
|a sportovní letci
|7 ph293190
|z Česko
|y 20.-21. století
|2 czenas
|
| 650 |
0 |
7 |
|a vojenští letci
|7 ph127212
|z Česko
|y 20.-21. století
|2 czenas
|
| 650 |
0 |
7 |
|a letecká akrobacie
|7 ph369375
|z Česko
|y 20.-21. století
|2 czenas
|
| 650 |
0 |
7 |
|a vojenské letectvo
|7 ph116625
|z Česko
|y 20.-21. století
|2 czenas
|
| 650 |
0 |
9 |
|a sports pilots
|z Czechia
|y 20th-21st centuries
|2 eczenas
|
| 650 |
0 |
9 |
|a military air pilots
|z Czechia
|y 20th-21st centuries
|2 eczenas
|
| 650 |
0 |
9 |
|a aerobatics
|z Czechia
|y 20th-21st centuries
|2 eczenas
|
| 650 |
0 |
9 |
|a air forces
|z Czechia
|y 20th-21st centuries
|2 eczenas
|
| 655 |
|
7 |
|a autobiografie
|7 fd131855
|2 czenas
|
| 655 |
|
9 |
|a autobiography
|2 eczenas
|
| 700 |
1 |
|
|a Sára, Robert,
|d 1980-
|7 mzk20191040452
|4 aut
|
| 830 |
|
0 |
|a Universum (Euromedia Group)
|0 s
|
| 910 |
2 |
|
|a BOA001
|b 2-1498.512
|
| 990 |
|
|
|a BK
|
| 995 |
|
|
|a 01
|
| 991 |
|
|
|b 202301
|c NOV
|
| 996 |
6 |
|
|b 2610925331
|c 2-1498.512
|l MZK
|r Sklad / do 1 hodiny
|n 0
|p p.v.
|w 001908962
|u 000010
|a 1
|e BOA001
|j MZK50
|s P
|